| 000 | 00643nam a2200241Ia 4500 | ||
|---|---|---|---|
| 003 | OSt | ||
| 005 | 20221005042541.0 | ||
| 006 | a|||||r|||| 00| 0 | ||
| 007 | ta | ||
| 008 | 221004b |||||||| |||| 00| 0 eng d | ||
| 024 | _a103890 | ||
| 037 | _cTextual | ||
| 040 |
_aCRL _cCRL _beng |
||
| 041 |
_2eng _aeng |
||
| 082 | _aK:12.1-.2, M5 | ||
| 100 |
_aDaniel Ruby _9590554 |
||
| 245 | 0 | _aFauna of India and the adjacent countries | |
| 260 |
_aDelhi _bZoological Survey of India India _c1985 |
||
| 300 |
_axv,440p. _ccm. |
||
| 490 | _vVol.1 | ||
| 942 |
_hK:12.1-.2, M5 _cTEXL _2cc |
||
| 999 |
_c950388 _d950388 |
||